| 000 | 00888nam a22003017a 4500 | ||
|---|---|---|---|
| 001 | BR0500017 | ||
| 003 | BR-BrBNA | ||
| 005 | 20230928101808.0 | ||
| 007 | ta | ||
| 008 | 230509b bl.||||| |||| 00| 0 por d | ||
| 040 |
_aBR-BrBNA _bpor _cBiblioteca Nacional de Agricultura |
||
| 041 | _a(Por) | ||
| 072 |
_aF08; P35 _b2120 |
||
| 090 | _ 2120 BR0500017 | ||
| 100 | 1 | _aSouza, A.P. de | |
| 110 | 1 |
_aInstituto Agronômico do Oeste, Sete Lagoas, MG (Brasil) _95628 |
|
| 245 | 1 |
_aCobertura morta em cafèzais como método de cultura _bBoletim Técnico nº 2 |
|
| 260 | 3 |
_aSete Lagoas, MG (Brasil): _c1959. |
|
| 300 | _a144 p. | ||
| 500 | _a31 ref., 35 tables; 19 illus. | ||
| 650 | _aCAFÉ | ||
| 650 | _aCOBERTURA MORTA | ||
| 650 | _aSISTEMA DE CULTIVO | ||
| 650 | _aANÁLISE ESTATÍSTICA | ||
| 650 | _aANÁLISE DO SOLO | ||
| 909 |
_a202309 _bLucia _c55 _dLucia Elande |
||
| 942 | _cBK | ||
| 999 |
_c67624 _d67624 |
||